Juventud, trabajo y desempleo: un análisis psicosociológico

সংরক্ষণ করুন:
গ্রন্থ-পঞ্জীর বিবরন
সংস্থা লেখক: España. Ministerio de Trabajo y Seguridad Social
বিন্যাস: পাঠ‍্য
প্রকাশিত: Madrid: Ministerio de Trabajo y Seguridad Social. Centro de publicaciones
বিষয়গুলি:
ট্যাগগুলো: ট্যাগ যুক্ত করুন
কোনো ট্যাগ নেই, প্রথমজন হিসাবে ট্যাগ করুন!

MARC

LEADER 00000 a a2200000 04500
001 31341
003
040
020 |a 84-7434-550-2  
090 |a 198100  
110 |a España. Ministerio de Trabajo y Seguridad Social  
245 |a Juventud, trabajo y desempleo: un análisis psicosociológico  
260 |a Madrid:   |b Ministerio de Trabajo y Seguridad Social. Centro de publicaciones  
300 |a 567 p.  
650 |a JUVENTUD  
650 |a TRABAJADORES JOVENES  
650 |a TRABAJO  
650 |a VALORES SOCIALES  
650 |a ACTITUDES  
650 |a COMPORTAMIENTO SOCIAL  
650 |a DESEMPLEO JUVENIL  
650 |a CONSECUENCIAS SOCIALES  
650 |a ASPECTOS PSICOLOGICOS  
650 |a PROGRAMAS DE AYUDA  
999 |c 5838  |d 5838